|
|
|
|
| LEADER |
00843nnm a2200205 i 4500 |
| 001 |
eta4455 |
| 005 |
20201217101919.0 |
| 008 |
201217s2012 hu o 0|| eng d |
| 040 |
|
|
|a SZTE Elektronikus Tananyag Archívum
|b hun
|
| 041 |
|
|
|a eng
|
| 100 |
1 |
|
|a Kleinebudde Peter
|
| 245 |
1 |
0 |
|a Solid dispersions
|h [elektronikus dokumentum] :
|b types, production, characterization [2.] /
|c Kleinebudde Peter
|
| 260 |
|
|
|c 2012
|
| 300 |
|
|
|a 38
|
| 516 |
|
|
|a Presentation
|
| 650 |
|
4 |
|a Orvos- és egészségtudomány
|
| 650 |
|
4 |
|a Általános orvostudomány
|
| 650 |
|
4 |
|a Farmakológia és gyógyszerészet
|
| 711 |
|
|
|a Introduction
to
melt
extrusion
and
application
of
quality
by
design
principles
|c Szeged, Magyarország
|d 2012. március 26-30.
|
| 856 |
4 |
0 |
|u https://eta.bibl.u-szeged.hu/4455/1/2010-0012_32_06.pdf
|z Dokumentum-elérés
|